[Event "Titled Tuesday intern op 06th Aug Early"]
[Site "Chess.com INT"]
[Date "2024.08.06"]
[Round "6"]
[White "Luba, Lukasz"]
[Black "Egorov, Konstantin"]
[Result "0-1"]
[WhiteElo "2068"]
[BlackElo "2081"]
[PlyCount "70"]
[EventDate "2024.08.06"]
[EventType "swiss (blitz)"]
[EventRounds "11"]
[EventCountry "USA"]
[SourceTitle "EXT 2025"]
[Source "ChessBase"]
[SourceDate "2024.10.14"]
[SourceVersion "1"]
[SourceVersionDate "2024.10.14"]
[SourceQuality "1"]

1. e3 e6 2. d4 d5 3. c3 Nf6 4. Bd3 c5 5. Nf3 Nc6 6. Nbd2 Be7 7. 0-0 0-0 8. e4 cxd4 9. e5 Ne4 10. Nxe4 dxe4 11. Bxe4 dxc3 12. bxc3 Qc7 13. Bf4 b6 14. Qc2 h6 15. Rfd1 Bb7 16. Rd3 Ba6 17. Re3 Rfd8 18. Rc1 Bb7 19. h4 Rac8 20. h5 Ba8 21. Ne1 Nb4 22. cxb4 Qxc2 23. Nxc2 Bxe4 24. Rxe4 Rc3 25. Re2 Rdc8 26. Be3 Bxb4 27. Nxb4 Rxc1+ 28. Bxc1 Rxc1+ 29. Kh2 a5 30. Nd3 Rc3 31. Nf4 b5 32. g3 b4 33. Kg2 a4 34. Rb2 Rc4 35. a3 b3 0-1

[Event "Titled Tuesday intern op 30th Jul Late"]
[Site "Chess.com INT"]
[Date "2024.07.30"]
[Round "3"]
[White "Egorov, Konstantin"]
[Black "Villuendas Valero, Adrian"]
[Result "1/2-1/2"]
[WhiteElo "2081"]
[BlackElo "2277"]
[PlyCount "112"]
[EventDate "2024.07.30"]
[EventType "swiss (blitz)"]
[EventRounds "11"]
[EventCountry "USA"]
[SourceTitle "EXT 2025"]
[Source "ChessBase"]
[SourceDate "2024.10.14"]
[SourceVersion "1"]
[SourceVersionDate "2024.10.14"]
[SourceQuality "1"]

1. e4 c5 2. Nf3 e6 3. c3 Nf6 4. Bd3 Nc6 5. Bc2 d5 6. exd5 Nxd5 7. 0-0 Be7 8. d4 cxd4 9. Nxd4 Nxd4 10. Qxd4 Bf6 11. Qd3 Bd7 12. Nd2 Bc6 13. Ne4 Be7 14. Rd1 Nf6 15. Nxf6+ Bxf6 16. Qh3 Qa5 17. Be3 h6 18. Bd4 0-0-0 19. b4 Qc7 20. Bxf6 gxf6 21. Qg3 Rhg8 22. Qxc7+ Kxc7 23. g3 f5 24. Rxd8 Rxd8 25. Rd1 Rxd1+ 26. Bxd1 Kd6 27. f4 Bd5 28. a3 f6 29. Kf2 e5 30. Ke3 Bc4 31. Bc2 Be6 32. Bd3 b6 33. h3 Bd7 34. Be2 Ba4 35. c4 Bc2 36. Bd3 Bxd3 37. Kxd3 h5 38. Ke3 Kc6 39. Kd3 a5 40. Kc3 axb4+ 41. axb4 b5 42. c5 Kd5 43. Kd3 Kc6 44. Ke3 Kd5 45. Kf3 Kc6 46. g4 e4+ 47. Kg3 fxg4 48. hxg4 hxg4 49. Kxg4 f5+ 50. Kg3 Kd5 51. Kf2 Kc6 52. Ke3 Kd5 53. Ke2 Kc6 54. Kd2 Kc7 55. Ke3 Kd7 56. Kd4 Kc6 1/2-1/2

[Event "Titled Tuesday intern op 23rd Jul Late"]
[Site "Chess.com INT"]
[Date "2024.07.23"]
[Round "8"]
[White "Egorov, Konstantin"]
[Black "Howell, David"]
[Result "0-1"]
[WhiteElo "2081"]
[BlackElo "2675"]
[PlyCount "78"]
[EventDate "2024.07.23"]
[EventType "swiss (blitz)"]
[EventRounds "11"]
[EventCountry "USA"]
[SourceTitle "EXT 2025"]
[Source "ChessBase"]
[SourceDate "2024.10.14"]
[SourceVersion "1"]
[SourceVersionDate "2024.10.14"]
[SourceQuality "1"]

1. e4 e6 2. d4 d5 3. Nc3 Bb4 4. a3 Bxc3+ 5. bxc3 dxe4 6. Qg4 Nf6 7. Qxg7 Rg8 8. Qh6 c5 9. Ne2 Nbd7 10. g3 b6 11. Bg2 Ba6 12. Qd2 Qc7 13. 0-0 Rc8 14. Bb2 cxd4 15. Nxd4 Bxf1 16. Rxf1 a6 17. f4 Qc4 18. Rd1 Nc5 19. Bf1 Qa2 20. Ba1 Qxa3 21. c4 Nfd7 22. Bc3 e3 23. Qe1 Ne4 24. Bb4 Qb2 25. Qxe3 Nxg3 26. hxg3 Qxb4 27. Nxe6 Qe7 28. Bh3 fxe6 29. Bxe6 Nc5 30. Bd7+ Nxd7 31. Qf3 Kd8 32. Qd5 Rxg3+ 33. Kf1 Rg7 34. Qb7 Qf6 35. Qe4 Rf7 36. Rd4 Kc7 37. c5 Nxc5 38. Rd5 Nxe4 39. Rf5 Qxf5 0-1

[Event "Titled Tuesday intern op 23rd Jul Late"]
[Site "Chess.com INT"]
[Date "2024.07.23"]
[Round "1"]
[White "Egorov, Konstantin"]
[Black "Keleberda, Timur"]
[Result "0-1"]
[WhiteElo "2081"]
[BlackElo "2222"]
[PlyCount "84"]
[EventDate "2024.07.23"]
[EventType "swiss (blitz)"]
[EventRounds "11"]
[EventCountry "USA"]
[SourceTitle "EXT 2025"]
[Source "ChessBase"]
[SourceDate "2024.10.14"]
[SourceVersion "1"]
[SourceVersionDate "2024.10.14"]
[SourceQuality "1"]

1. e4 c5 2. Nf3 d6 3. d4 cxd4 4. Nxd4 Nf6 5. Nc3 a6 6. a3 b5 7. Rg1 Bb7 8. Bd3 Nbd7 9. g4 Nc5 10. Qe2 h6 11. h4 Nfd7 12. Be3 Nxd3+ 13. cxd3 Rc8 14. f4 e5 15. Nf5 g6 16. g5 hxg5 17. hxg5 gxf5 18. exf5 Qa5 19. Bd2 Qb6 20. 0-0-0 Rh3 21. Kb1 Qd4 22. Qg4 Rxd3 23. Bc1 Rxd1 24. Rxd1 Qf2 25. g6 Bf3 26. gxf7+ Kd8 27. Qg5+ Be7 28. f8Q+ Nxf8 29. Rxd6+ Ke8 30. f6 Bxd6 31. fxe5 Bxa3 32. e6 Nxe6 33. Qg8+ Nf8 34. f7+ Kd7 35. Qg7 Bd6 36. Qf6 b4 37. Qf5+ Ne6 38. Nd5 Qc2+ 39. Qxc2 Rxc2 40. Nf4 Rxc1+ 41. Kxc1 Bxf4+ 42. Kc2 Bd5 0-1

[Event "Titled Tuesday intern op 23rd Jul Late"]
[Site "Chess.com INT"]
[Date "2024.07.23"]
[Round "10"]
[White "Egorov, Konstantin"]
[Black "Mazurkiewicz, Michal"]
[Result "1/2-1/2"]
[WhiteElo "2081"]
[BlackElo "2224"]
[PlyCount "91"]
[EventDate "2024.07.23"]
[EventType "swiss (blitz)"]
[EventRounds "11"]
[EventCountry "USA"]
[SourceTitle "EXT 2025"]
[Source "ChessBase"]
[SourceDate "2024.10.14"]
[SourceVersion "1"]
[SourceVersionDate "2024.10.14"]
[SourceQuality "1"]

1. e4 d6 2. d4 Nf6 3. Nc3 c6 4. Bd3 b5 5. a3 e5 6. dxe5 dxe5 7. Nf3 Nbd7 8. Be3 Qc7 9. h3 Bc5 10. Qe2 0-0 11. 0-0 a5 12. Bxc5 Nxc5 13. b4 axb4 14. axb4 Rxa1 15. Rxa1 Ne6 16. g3 Nd4 17. Nxd4 exd4 18. e5 Re8 19. Ne4 Qxe5 20. Nxf6+ gxf6 21. Qxe5 fxe5 22. Ra7 e4 23. Be2 Bxh3 24. g4 d3 25. cxd3 exd3 26. Bf3 d2 27. Rd7 h5 28. Rxd2 Bxg4 29. Bxc6 Re1+ 30. Kh2 Rb1 31. Bxb5 Rxb4 32. Be2 Kg7 33. Bxg4 hxg4 34. Kg3 Kg6 35. Kg2 f5 36. f3 Kg5 37. fxg4 Kxg4 38. Rd3 Rb2+ 39. Kg1 f4 40. Ra3 f3 41. Ra8 Kf4 42. Rf8+ Ke3 43. Re8+ Kf4 44. Rf8+ Kg4 45. Rg8+ Kf4 46. Rf8+ 1/2-1/2

[Event "Titled Tuesday intern op 23rd Jul Early"]
[Site "Chess.com INT"]
[Date "2024.07.23"]
[Round "3"]
[White "Egorov, Konstantin"]
[Black "Soraas, Torben"]
[Result "0-1"]
[WhiteElo "2081"]
[BlackElo "2133"]
[PlyCount "52"]
[EventDate "2024.07.23"]
[EventType "swiss (blitz)"]
[EventRounds "11"]
[EventCountry "USA"]
[SourceTitle "EXT 2025"]
[Source "ChessBase"]
[SourceDate "2024.10.14"]
[SourceVersion "1"]
[SourceVersionDate "2024.10.14"]
[SourceQuality "1"]

1. e4 e6 2. d4 d5 3. Nc3 dxe4 4. Nxe4 Nd7 5. Nf3 Ngf6 6. Bd3 Nxe4 7. Bxe4 Nf6 8. Bd3 b6 9. c3 Bb7 10. 0-0 Be7 11. Bg5 0-0 12. Rc1 h6 13. Bh4 Qd5 14. Bg3 Qxa2 15. Qc2 Bxf3 16. gxf3 c5 17. Be5 cxd4 18. Bxd4 Qd5 19. Kg2 Nh5 20. Rfe1 Nf4+ 21. Kg3 Bh4+ 22. Kxf4 Qg5+ 23. Ke4 f5+ 24. Ke5 f4+ 25. Kd6 Qd5+ 26. Kc7 Rac8# 0-1

[Event "Titled Tuesday intern op 23rd Jul Early"]
[Site "Chess.com INT"]
[Date "2024.07.23"]
[Round "4"]
[White "Zheenbekov, Nurgazi"]
[Black "Egorov, Konstantin"]
[Result "1-0"]
[WhiteElo "2124"]
[BlackElo "2081"]
[PlyCount "55"]
[EventDate "2024.07.23"]
[EventType "swiss (blitz)"]
[EventRounds "11"]
[EventCountry "USA"]
[SourceTitle "EXT 2025"]
[Source "ChessBase"]
[SourceDate "2024.10.14"]
[SourceVersion "1"]
[SourceVersionDate "2024.10.14"]
[SourceQuality "1"]

1. e4 e6 2. d4 d5 3. exd5 exd5 4. Nf3 Bd6 5. Bd3 Ne7 6. c3 0-0 7. Nbd2 Bf5 8. Bxf5 Nxf5 9. 0-0 c6 10. Qc2 g6 11. Re1 Qf6 12. Nf1 Nd7 13. Bg5 Qg7 14. Qd2 Rfe8 15. h3 h6 16. Bf4 Re4 17. Bxd6 Nxd6 18. Ng3 f5 19. Nxe4 dxe4 20. Ne5 Nxe5 21. dxe5 Qxe5 22. Rad1 Rd8 23. Qxh6 Qe6 24. Rd2 Re8 25. Red1 Nc4 26. Rd7 Re7 27. Rd8+ Re8 28. R1d7 1-0

[Event "Titled Tuesday intern op 16th Jul Late"]
[Site "Chess.com INT"]
[Date "2024.07.16"]
[Round "3"]
[White "Egorov, Konstantin"]
[Black "Abramov, Alexander"]
[Result "1-0"]
[WhiteElo "2081"]
[BlackElo "2198"]
[PlyCount "57"]
[EventDate "2024.07.16"]
[EventType "swiss (blitz)"]
[EventRounds "11"]
[EventCountry "USA"]
[SourceTitle "EXT 2025"]
[Source "ChessBase"]
[SourceDate "2024.10.14"]
[SourceVersion "1"]
[SourceVersionDate "2024.10.14"]
[SourceQuality "1"]

1. e4 e5 2. Nf3 Nc6 3. Nc3 Nf6 4. h3 Bb4 5. Nd5 Nxd5 6. exd5 Nd4 7. c3 Nxf3+ 8. Qxf3 Bd6 9. Bd3 f6 10. Qh5+ Kf8 11. 0-0 Qe7 12. Bc2 Qf7 13. Qe2 Qxd5 14. Bb3 Qc6 15. d4 exd4 16. cxd4 Be7 17. Re1 Qd6 18. Bf4 Qe6 19. Bxe6 dxe6 20. Bxc7 Bb4 21. Qc4 Bxe1 22. Rxe1 Bd7 23. d5 Rc8 24. dxe6 Bc6 25. Bd6+ Ke8 26. Qg4 g5 27. Qh5+ Kd8 28. Qf7 Be8 29. Qe7# 1-0